Annual conference: professions in crisis, Cardiff, 16 - 18 March 1986 (Record no. 87736)
[ view plain ]
| 000 -LEADER | |
|---|---|
| fixed length control field | 01358cam a2200253 4500 |
| 001 - CONTROL NUMBER | |
| control field | D15056 |
| 008 - FIXED-LENGTH DATA ELEMENTS--GENERAL INFORMATION | |
| fixed length control field | 090401t1986 xxu||||| |||| 00| 0 eng d |
| 035 ## - SYSTEM CONTROL NUMBER | |
| System control number | (Sirsi) u19954 |
| 041 ## - LANGUAGE CODE | |
| Language code of text/sound track or separate title | eng |
| 050 ## - LIBRARY OF CONGRESS CALL NUMBER | |
| Classification number | 331.712 |
| 090 ## - LOCALLY ASSIGNED LC-TYPE CALL NUMBER (OCLC); LOCAL CALL NUMBER (RLIN) | |
| Classification number (OCLC) (R) ; Classification number, CALL (RLIN) (NR) | RICS 1986/4ABC |
| 110 ## - MAIN ENTRY--CORPORATE NAME | |
| Corporate name or jurisdiction name as entry element | Royal Institution of Chartered Surveyors |
| 9 (RLIN) | 4900 |
| 245 ## - TITLE STATEMENT | |
| Title | Annual conference: professions in crisis, Cardiff, 16 - 18 March 1986 |
| 260 ## - PUBLICATION, DISTRIBUTION, ETC. | |
| Place of publication, distribution, etc. | London |
| Name of publisher, distributor, etc. | Surveyors` Technical Services |
| Date of publication, distribution, etc. | 1986 |
| 350 ## - PRICE (NR) (BK AM CF MU VM SE) [OBSOLETE] | |
| Price | 0 |
| 520 ## - SUMMARY, ETC. | |
| Summary, etc. | Attendance list; 7 papers; Filed in box 1986/4 ABC. The challenge to the profession by Lord Young of Graffham / The challenge to the profession: a chartered surveyor`s response by William Wells / The duty of care: the challenge of professional repsonsibility by Sir Arthur Hoole / Management and financing of surveying practices: Management of surveying practices by John Harrison / Partnership financing by Maurice Parry-Wingfield / Construction management, US inspiration for QS diversification by M.R. Morris / The creative management of the public estate by G.E. Touchard / Job creation: the challenge to the chartered surveyor by G.P. Furlong and D.J. Clowes. |
| 650 ## - SUBJECT ADDED ENTRY--TOPICAL TERM | |
| Topical term or geographic name entry element | ABOUT RICS-RICS MEMBERS |
| 650 ## - SUBJECT ADDED ENTRY--TOPICAL TERM | |
| Topical term or geographic name entry element | OPERATIONAL PROPERTY |
| 650 ## - SUBJECT ADDED ENTRY--TOPICAL TERM | |
| Topical term or geographic name entry element | PROFESSIONS |
| 650 ## - SUBJECT ADDED ENTRY--TOPICAL TERM | |
| Topical term or geographic name entry element | PROPERTY ASSETS |
| 650 ## - SUBJECT ADDED ENTRY--TOPICAL TERM | |
| Topical term or geographic name entry element | QUANTITY SURVEYORS |
| 942 ## - ADDED ENTRY ELEMENTS (KOHA) | |
| Suppress in OPAC | 0 |
| 948 ## - LOCAL PROCESSING INFORMATION (OCLC); SERIES PART DESIGNATOR (RLIN) | |
| c (OCLC) | 04/03/1997 |
| Withdrawn status | Lost status | Source of classification or shelving scheme | Damaged status | Not for loan | Home library | Current library | Shelving location | Date acquired | Total Checkouts | Full call number | Barcode | Date last seen | Copy number | Price effective from | Koha item type | Date last checked out |
|---|---|---|---|---|---|---|---|---|---|---|---|---|---|---|---|---|
| Dewey Decimal Classification | Historic collection | Historic collection | Books | 20/11/2012 | RICS 1986/4 | 30078658 | 06/08/2019 | 1 | 06/08/2019 | Book | ||||||
| Dewey Decimal Classification | London | London | RICS Boxes | 13/08/1991 | RICS 1986/4 | 30007663 | 06/08/2019 | 1 | 06/08/2019 | Book | ||||||
| Dewey Decimal Classification | London | London | RICS Boxes | 14/09/1999 | RICS 1986/4 | 30007667 | 06/08/2019 | 2 | 06/08/2019 | Reference material | ||||||
| Dewey Decimal Classification | London | London | RICS Boxes | 08/01/1992 | RICS 1986/4 | 30024977 | 06/08/2019 | 3 | 06/08/2019 | Archive | ||||||
| Dewey Decimal Classification | London | London | RICS Boxes | 19/07/1994 | RICS 1986/4 | 30041825 | 06/08/2019 | 4 | 06/08/2019 | Book | ||||||
| Dewey Decimal Classification | London | London | RICS Boxes | 19/07/1994 | RICS 1986/4 | 30041826 | 06/08/2019 | 5 | 06/08/2019 | Book | ||||||
| Dewey Decimal Classification | London | London | RICS Boxes | 19/07/1994 | RICS 1986/4 | 30041827 | 06/08/2019 | 6 | 06/08/2019 | Book | ||||||
| Dewey Decimal Classification | London | London | RICS Boxes | 19/07/1994 | RICS 1986/4 | 30041828 | 06/08/2019 | 7 | 06/08/2019 | Book | ||||||
| Dewey Decimal Classification | London | London | RICS Boxes | 19/07/1994 | RICS 1986/4 | 30041829 | 06/08/2019 | 8 | 06/08/2019 | Book | ||||||
| Dewey Decimal Classification | London | London | RICS Boxes | 19/07/1994 | RICS 1986/4 | 30041830 | 06/08/2019 | 9 | 06/08/2019 | Book | ||||||
| Dewey Decimal Classification | London | London | RICS Boxes | 03/09/1992 | 3 | RICS 1986/4 | 30007668 | 06/08/2019 | 10 | 06/08/2019 | Book | 23/03/2007 |